| 000 | 01487nam a2200325 a 4500 | ||
|---|---|---|---|
| 003 | BLK | ||
| 005 | 20250605164721.0 | ||
| 008 | 230419b bul|||||r ||||||| ||bul|| | ||
| 020 | _a9786190303114 | ||
| 040 | _aBLK | ||
| 041 |
_aBUL _cBUL |
||
| 080 |
_aПолитика _b32 _z32(510)(092) _9389430 |
||
| 080 |
_aКитайски политик _b929 Си Дзинпин _z929 Си Дзинпин _9497462 |
||
| 100 |
_aШеридан, Майкъл _91299 |
||
| 245 | 1 | 0 |
_aЧервеният император _bСи Дзинпин и неговият Нов Китай _cМайкъл Шеридан ; прев. от англ. Асен Георгиев |
| 260 |
_aСофия _bБард _c2024 _f([Костинброд] : Мултипринт) |
||
| 300 |
_a320 с. _b2 _c21 см |
||
| 380 | _a3 | ||
| 500 | _aОриг. загл.: The red emperor / Michael Sheridan | ||
| 504 | _aБиблиогр.: с. 292-300 | ||
| 650 | 0 |
_9319596 _aКитай - политика |
|
| 700 |
_aГеоргиев, Асен Георгиев _cБълг. филолог, прев. от англ. и немски език; гл. ред. на сп. Библиотека _d1953 - _eпрев. _9367673 |
||
| 852 | _aЦб 326471 | ||
| 856 | 4 |
_qpdf _i0.00 _ldisable |
|
| 856 | 4 |
_qpdf _i0.00 _ldisable |
|
| 942 |
_cKNG _n0 _070 _s1 |
||
| 944 |
_cИваничка Йорданова _k30540 _lСевдалина Тодорова |
||
| 999 |
_c527096 _d527096 |
||
| 999 | _d527096 | ||